| 000 | 00722nam a2200205 i 4500 | ||
|---|---|---|---|
| 001 | 100621 | ||
| 003 | ES-MaACL | ||
| 005 | 20231221183853.0 | ||
| 007 | t| | ||
| 008 | 050930s1921 sp ||||1| spa d | ||
| 100 | 1 |
_aMata, Pedro, _d1875-1946 _978887 |
|
| 245 | 1 | 0 |
_aIrresponsables / _cPedro Mata; [prólogo de Angel Ossorio; epílogo del Dr. E. Fernández Sanz]. |
| 260 |
_aMadrid : _bRivadeneyra, _c1921. |
||
| 300 |
_a364 p. ; _c19 cm. |
||
| 505 | 8 | _aContiene: La muchacha del Ideal Rosales. En defensa propia. El crimen de la calle de Ponzano | |
| 700 | 1 |
_aOssorio y Gallardo, Ángel, _d1873-1946 _9138613 |
|
| 700 | 1 |
_aFernández Sanz, Enrique. _950080 |
|
| 852 |
_aES-MaACL _jF-12132 |
||
| 999 |
_c100621 _d100621 |
||